| 000 -LEADER | |
|---|---|
| fixed length control field | 00367nam a22001577a 4500 |
| 005 - DATE AND TIME OF LATEST TRANSACTION | |
| control field | 20160701103229.0 |
| 008 - FIXED-LENGTH DATA ELEMENTS--GENERAL INFORMATION | |
| fixed length control field | 160701b xxu||||| |||| 00| 0 eng d |
| 041 ## - LANGUAGE CODE | |
| Language code of text/sound track or separate title | eng |
| 082 ## - DEWEY DECIMAL CLASSIFICATION NUMBER | |
| Item number | 20154 |
| 100 ## - MAIN ENTRY--AUTHOR NAME | |
| Personal name | Saxena SC & Arora SP |
| 245 ## - TITLE STATEMENT | |
| Title | Railway Engineering |
| 260 ## - PUBLICATION, DISTRIBUTION, ETC. (IMPRINT) | |
| Name of publisher | Dhanpat |
| Year of publication | 2015 |
| 300 ## - PHYSICAL DESCRIPTION | |
| Number of Pages | 34.7 |
| 650 ## - SUBJECT ADDED ENTRY--TOPICAL TERM | |
| Topical Term | Diploma Engineering |
| 942 ## - ADDED ENTRY ELEMENTS (KOHA) | |
| Koha item type | Books |
| Lost status | Damaged status | Home library | Current library | Shelving location | Date acquired | Cost, normal purchase price | Full call number | Accession Number | Koha item type | Collection code |
|---|---|---|---|---|---|---|---|---|---|---|
| JRU Library | SHELF-44-F | 01/07/2016 | 375.00 | 20154 | 20154 | Books | ||||
| JRU Library | SHELF-72-A | 01/07/2016 | 375.00 | 20154 | 20155 | Books | Reference | |||
| JRU Library | SHELF-44-F | 01/07/2016 | 375.00 | 20154 | 20156 | Books | ||||
| JRU Library | SHELF-44-F | 01/07/2016 | 375.00 | 20154 | 20157 | Books | ||||
| JRU Library | SHELF-44-F | 01/07/2016 | 375.00 | 20154 | 20158 | Books | ||||
| JRU Library | SHELF-44-F | 01/07/2016 | 375.00 | 20154 | 20159 | Books | ||||
| JRU Library | SHELF-44-F | 01/07/2016 | 375.00 | 20154 | 20160 | Books | ||||
| JRU Library | SHELF-44-F | 01/07/2016 | 375.00 | 20154 | 20161 | Books | ||||
| JRU Library | SHELF-44-F | 01/07/2016 | 375.00 | 20154 | 20162 | Books | ||||
| JRU Library | SHELF-44-F | 01/07/2016 | 375.00 | 20154 | 20163 | Books | ||||
| JRU Library | SHELF-44-F | 01/07/2016 | 375.00 | 20154 | 20164 | Books | ||||
| JRU Library | SHELF-44-F | 01/07/2016 | 375.00 | 20154 | 20165 | Books | ||||
| JRU Library | SHELF-44-F | 01/07/2016 | 375.00 | 20154 | 20166 | Books | ||||
| JRU Library | SHELF-44-F | 01/07/2016 | 375.00 | 20154 | 20167 | Books | ||||
| JRU Library | SHELF-44-F | 01/07/2016 | 375.00 | 20154 | 20168 | Books |